Culture Générale en G - Statistiques

Statistiques générales
  • Ce quiz a été pris 250 fois
  • Le résultat moyen est 9 sur 15
Statistiques - réponses
Hint Réponse % Correct
Moteur de recherche prépondérant Google
93%
César l'a conquis Gaule
90%
Pays natal de Staline Géorgie
89%
Prénom d'un personnage de dessin BD connu pour ses bourdes Gaston
86%
Département célèbre pour son pont antique Gard
73%
Ils ont écrit blanche neige, raiponce.... Grimm
70%
Elle peut être liégeoise, bruxelloise Gaufre
60%
Infection respiratoire contagieuse Grippe
58%
deca,,hecto,kilo,mega, giga
54%
En 1450 son invention est une révolution (nom de l'inventeur) Gutenberg
52%
Sthéno, Euryale et Méduse sont des Gorgones
41%
Peuple germanique dont les 2 branches célèbres ont fondé leur royaume en Espagne et en Italie Goth
32%
Géant du roman homonyme Gargantua
30%
En attendant Godot
30%
Chevalier qui trouva le Graal Galaad
8%
Aucun quiz correspondant
Distribution des résultats
% des personnes avec chaque résultat
Percentile par nombre de réponses
Votre historique - résultats
Vous n’avez pas pris ce quiz